000 00657nam a22001937a 4500
005 20131217145204.0
010 _aENG-108845
020 _a9789381176696
_c895.00
035 _aEN-92378
037 _bDBAD/PUB
082 _a346.54048
100 _aVenkateswar Rao, G.
245 _aIntellectual property rights :
_cby G. Venkateswar Rao
_bpatent laws in India /
260 _aNew Delhi
_bSSDN Publishers and Distributors
_c2013
270 _a5A, Sahni Mansion, Ansari Road Daryaganj
_bNew Delhi
_e110002
300 _axxi,280p.
_c22cm(Hb)
500 _aIncludes bibliographical references and index
942 _2ddc
_cEN
_mVEN
_h346.54048
999 _c81192
_d81192